[Event "GRE-chT 50th"]
[Site "Nikaia"]
[Date "2023.08.27"]
[Round "4.7"]
[White "Siskou, Evangelia"]
[Black "Papadopoulou, Marilena"]
[Result "0-1"]
[WhiteElo "1677"]
[BlackElo "1661"]
[PlyCount "70"]
[EventDate "2023.08.25"]
[EventType "team"]
[EventRounds "9"]
[EventCountry "GRE"]
[SourceTitle "EXT 2024"]
[Source "ChessBase"]
[SourceDate "2023.10.10"]
[SourceVersion "1"]
[SourceVersionDate "2023.10.10"]
[SourceQuality "1"]
[WhiteTeam "Amo Galaxias"]
[BlackTeam "Piraikos"]
[WhiteTeamCountry "GRE"]
[BlackTeamCountry "GRE"]

1. e4 e5 2. Nf3 Nc6 3. d4 exd4 4. Nxd4 Nf6 5. Nc3 Bb4 6. Nxc6 bxc6 7. Bd3 0-0 8. 0-0 d5 9. exd5 cxd5 10. h3 c6 11. Qf3 Re8 12. Bf4 Bd6 13. Ne2 Rb8 14. b3 c5 15. Rad1 Be6 16. Bg5 h6 17. Bh4 Rb4 18. Bg3 Qc7 19. c3 Rbb8 20. Bf4 Bxf4 21. Nxf4 Qa5 22. Bb1 Rbd8 23. Rfe1 Qb6 24. Nh5 Nxh5 25. Qxh5 Qc6 26. Re3 d4 27. Rg3 Bc8 28. cxd4 Rxd4 29. Rxd4 cxd4 30. Bd3 Re1+ 31. Kh2 Qc1 32. Rf3 Rh1+ 33. Kg3 Qc7+ 34. Rf4 g5 35. Bh7+ Kh8 0-1

[Event "GRE-chT 50th"]
[Site "Nikaia"]
[Date "2023.08.25"]
[Round "1.7"]
[White "Papadopoulou, Marilena"]
[Black "Theodoridou, Maria"]
[Result "1-0"]
[WhiteElo "1661"]
[BlackElo "1279"]
[PlyCount "132"]
[EventDate "2023.08.25"]
[EventType "team"]
[EventRounds "9"]
[EventCountry "GRE"]
[SourceTitle "EXT 2024"]
[Source "ChessBase"]
[SourceDate "2023.10.10"]
[SourceVersion "1"]
[SourceVersionDate "2023.10.10"]
[SourceQuality "1"]
[WhiteTeam "Piraikos"]
[BlackTeam "Pneemathlon"]
[WhiteTeamCountry "GRE"]
[BlackTeamCountry "GRE"]

1. e4 e5 2. Nf3 Nc6 3. Bb5 a6 4. Ba4 Nf6 5. 0-0 Be7 6. Re1 b5 7. Bb3 d6 8. c3 0-0 9. h3 Na5 10. Bc2 c5 11. d4 cxd4 12. cxd4 Qc7 13. b3 Nc6 14. Bb2 Nb4 15. Bd3 Nxd3 16. Qxd3 Nd7 17. Nbd2 Re8 18. Rac1 Qa5 19. Rc2 Bf6 20. Rc6 Re6 21. Qc2 Qd8 22. d5 Re8 23. Ba3 Bb7 24. Rc3 Be7 25. Rc1 Rc8 26. Qd3 Rxc3 27. Qxc3 Qb8 28. Qc7 Qxc7 29. Rxc7 Bc8 30. Rc6 Nb8 31. Rc7 Bd7 32. Nf1 Rc8 33. Rxc8+ Bxc8 34. Nxe5 dxe5 35. Bxe7 f6 36. Ne3 Kf7 37. Bd6 Nd7 38. a4 bxa4 39. bxa4 Nb6 40. a5 Na4 41. Nc4 Nc3 42. f3 Nb5 43. Bb4 g6 44. Kf2 Ke8 45. Ke3 Nd4 46. Kd3 Bd7 47. Bc3 Nb5 48. Bb2 Kf7 49. Nb6 Be8 50. Kc4 Ke7 51. g3 Nd6+ 52. Kd3 Bb5+ 53. Ke3 Nf7 54. Ba3+ Ke8 55. Nc8 Kd7 56. Na7 Bf1 57. h4 Nd6 58. Bxd6 Kxd6 59. f4 exf4+ 60. gxf4 Bh3 61. Kd4 h6 62. e5+ fxe5+ 63. fxe5+ Kd7 64. Kc5 Kc7 65. e6 g5 66. d6+ Kd8 1-0

[Event "GRE-ch U20 Girls"]
[Site "Trikala"]
[Date "2023.04.21"]
[Round "5"]
[White "Papadopoulou, Marilena"]
[Black "Kratimenou, Maria"]
[Result "1-0"]
[WhiteElo "1470"]
[BlackElo "1563"]
[PlyCount "59"]
[EventDate "2023.04.18"]
[EventType "swiss"]
[EventRounds "9"]
[EventCountry "GRE"]
[SourceTitle "EXT 2024"]
[Source "ChessBase"]
[SourceDate "2023.10.10"]
[SourceVersion "1"]
[SourceVersionDate "2023.10.10"]
[SourceQuality "1"]

1. e4 e5 2. Nf3 d6 3. d4 exd4 4. Nxd4 Nf6 5. Nc3 Be7 6. Qf3 0-0 7. h3 c5 8. Nb3 a6 9. Bf4 Nc6 10. 0-0-0 Nd7 11. Bxd6 Bxd6 12. Rxd6 Qc7 13. Rd1 Nce5 14. Nd5 Qd6 15. Qg3 c4 16. Nd4 Nc5 17. Nc3 Qh6+ 18. Kb1 Re8 19. f3 b5 20. Qf2 Ned7 21. Nf5 Qf6 22. Rd6 Qe5 23. Qd2 g6 24. Nh6+ Kg7 25. Ng4 Qe7 26. Qd4+ f6 27. Nxf6 Nxf6 28. Qxc5 Rd8 29. Rc6 Qd7 30. Rc7 1-0

[Event "GRE-chT U16 14th"]
[Site "Rio Achaia"]
[Date "2022.12.18"]
[Round "6"]
[White "Kapia, Aggeliki"]
[Black "Papadopoulou, Marilena"]
[Result "1/2-1/2"]
[WhiteElo "1196"]
[BlackElo "1621"]
[PlyCount "73"]
[EventDate "2022.12.15"]
[EventType "team-swiss"]
[EventRounds "6"]
[EventCountry "GRE"]
[SourceTitle "EXT 2024"]
[Source "ChessBase"]
[SourceDate "2023.10.10"]
[SourceVersion "1"]
[SourceVersionDate "2023.10.10"]
[SourceQuality "1"]

1. d4 d5 2. Nf3 Nf6 3. g3 e6 4. Bg2 b5 5. 0-0 Bb7 6. c3 Nbd7 7. Bg5 Be7 8. Nbd2 c5 9. dxc5 Nxc5 10. Nd4 Qb6 11. Qc2 Rc8 12. N2b3 h6 13. Bxf6 Bxf6 14. Rfd1 0-0 15. Nxc5 Qxc5 16. Qd3 a6 17. Nb3 Qb6 18. e4 dxe4 19. Bxe4 Rfd8 20. Qe2 Bxe4 21. Qxe4 Rd6 22. Rxd6 Qxd6 23. Kf1 Rd8 24. Ke2 Qd5 25. Qxd5 Rxd5 26. Rd1 Rxd1 27. Kxd1 Be7 28. Ke2 e5 29. Kd3 f5 30. f3 Kf7 31. c4 Ke6 32. Nd2 Bc5 33. a3 b4 34. Nb3 Kd6 35. Nxc5 Kxc5 36. axb4+ Kxb4 37. b3 1/2-1/2

[Event "GRE-chT U16 14th"]
[Site "Rio Achaia"]
[Date "2022.12.15"]
[Round "1"]
[White "Papadopoulou, Marilena"]
[Black "Mplitsa, Artemis"]
[Result "1-0"]
[WhiteElo "1621"]
[BlackElo "1405"]
[PlyCount "93"]
[EventDate "2022.12.15"]
[EventType "team-swiss"]
[EventRounds "6"]
[EventCountry "GRE"]
[SourceTitle "EXT 2024"]
[Source "ChessBase"]
[SourceDate "2023.10.10"]
[SourceVersion "1"]
[SourceVersionDate "2023.10.10"]
[SourceQuality "1"]

1. e4 c5 2. Nf3 e6 3. d4 cxd4 4. Nxd4 Nc6 5. Nc3 a6 6. f4 d6 7. Nxc6 bxc6 8. Bd3 e5 9. 0-0 Nf6 10. fxe5 dxe5 11. Kh1 Be7 12. Qf3 Qd6 13. Be3 Bg4 14. Qg3 h5 15. Na4 h4 16. Qf2 Qb4 17. Nb6 Rb8 18. Nc4 Be6 19. a3 Qb7 20. Nxe5 Bd6 21. Bf4 Bxe5 22. Bxe5 Ng4 23. Qf4 Nxe5 24. Qxe5 Qxb2 25. Qxb2 Rxb2 26. Rfb1 Rxb1+ 27. Rxb1 Rh5 28. Rb6 Ra5 29. Rxa6 Rxa6 30. Bxa6 Kd7 31. Kg1 Kc7 32. Kf2 Kb6 33. Bd3 Ka5 34. Ke3 c5 35. Kf4 Ka4 36. e5 Kxa3 37. Be4 Kb2 38. Kg5 Ba2 39. Kf4 Kc3 40. Kg4 Kd4 41. Kf4 f6 42. exf6 gxf6 43. Bg6 Bb1 44. c3+ Kxc3 45. Bxb1 c4 46. Kg4 Kb2 47. Bf5 1-0

[Event "EU-ch U14 Girls 30th"]
[Site "Antalya"]
[Date "2022.11.09"]
[Round "4"]
[White "Papadopoulou, Marilena"]
[Black "Arora, Tashika"]
[Result "0-1"]
[WhiteElo "1597"]
[BlackElo "1908"]
[PlyCount "62"]
[EventDate "2022.11.06"]
[EventType "swiss"]
[EventRounds "9"]
[EventCountry "TUR"]
[SourceTitle "CBM 211 Extra"]
[Source "ChessBase"]
[SourceDate "2023.01.31"]
[SourceVersion "1"]
[SourceVersionDate "2023.01.31"]
[SourceQuality "1"]

1. e4 e5 2. Nf3 Nc6 3. Bb5 a6 4. Ba4 Nf6 5. 0-0 b5 6. Bb3 Bc5 7. c3 Bb6 8. Re1 0-0 9. d4 exd4 10. e5 Ng4 11. h3 Nxf2 12. Kxf2 dxc3+ 13. Kf1 cxb2 14. Bxb2 a5 15. Bd5 Ba6 16. g3 Qe7 17. Nbd2 Rad8 18. Ne4 a4 19. Nh4 Qb4 20. Rb1 Bd4 21. a3 Qa5 22. Bxc6 Bxb2 23. Qg4 Bxe5 24. Nc5 b4+ 25. Nxa6 Qxa6+ 26. Kg1 Qb6+ 27. Kf1 Qxc6 28. Rxe5 Qh1+ 29. Kf2 Qxb1 30. Rg5 Qb2+ 31. Kf1 h6 0-1

[Event "Nikaia op 29th"]
[Site "Nikaia"]
[Date "2022.09.05"]
[Round "5"]
[White "Papadopoulou, Marilena"]
[Black "Lymperopoulos, Georgios"]
[Result "1/2-1/2"]
[WhiteElo "1374"]
[BlackElo "1818"]
[PlyCount "100"]
[EventDate "2022.09.01"]
[EventType "swiss"]
[EventRounds "9"]
[EventCountry "GRE"]
[SourceTitle "CBM 210 Extra"]
[Source "ChessBase"]
[SourceDate "2022.11.30"]
[SourceVersion "1"]
[SourceVersionDate "2022.11.30"]
[SourceQuality "1"]

1. e4 c5 2. Nf3 Nc6 3. d4 cxd4 4. Nxd4 Nf6 5. Nc3 e5 6. Ndb5 d6 7. Bg5 a6 8. Na3 b5 9. Nd5 Be7 10. Bxf6 Bxf6 11. c3 0-0 12. Nc2 Rb8 13. Be2 Bg5 14. 0-0 Kh8 15. Qd3 f5 16. Bf3 g6 17. Rad1 Bb7 18. Ndb4 Nxb4 19. Nxb4 Rf6 20. Nd5 Bxd5 21. Qxd5 Qb6 22. g3 Rbf8 23. Rd3 Rc8 24. Kg2 Rc5 25. Qb3 Rc4 26. Rd5 fxe4 27. Be2 Rc8 28. Qd1 Rcf8 29. f3 Qe3 30. Rf2 exf3+ 31. Rxf3 Rxf3 32. Bxf3 e4 33. Bg4 Rf2+ 34. Kh1 h5 35. Bc8 Re2 36. Qd4+ Qxd4 37. Rxd4 Be7 38. Bxa6 Rxb2 39. Rxe4 Bf6 40. Re6 Be5 41. Rxg6 Kh7 42. Re6 h4 43. c4 h3 44. Kg1 Rg2+ 45. Kf1 Rxa2 46. Bxb5 Rxh2 47. Bd7 Rb2 48. Re7+ Kg6 49. Bxh3 Bxg3 50. Re2 Rxe2 1/2-1/2

[Event "GRE-ch U14 Girls"]
[Site "Thessaloniki"]
[Date "2022.08.24"]
[Round "7"]
[White "Papadopoulou, Marilena"]
[Black "Pessiridi, Charalampia"]
[Result "1-0"]
[WhiteElo "1374"]
[BlackElo "1203"]
[PlyCount "75"]
[EventDate "2022.08.18"]
[EventType "swiss"]
[EventRounds "7"]
[EventCountry "GRE"]
[SourceTitle "EXT 2024"]
[Source "ChessBase"]
[SourceDate "2023.10.10"]
[SourceVersion "1"]
[SourceVersionDate "2023.10.10"]
[SourceQuality "1"]

1. e4 e6 2. d4 d5 3. Nc3 dxe4 4. Nxe4 Nf6 5. Bd3 Nxe4 6. Bxe4 Bd6 7. Nf3 h6 8. 0-0 Nd7 9. Qe2 0-0 10. Bd2 c5 11. Rad1 Qb6 12. Bc3 Qc7 13. g3 f5 14. Bd3 Nb6 15. b3 a5 16. dxc5 Bxc5 17. Be5 Bd6 18. Bxd6 Qxd6 19. Bxf5 Nd5 20. Be4 Nc3 21. Rxd6 Nxe2+ 22. Kg2 Nc3 23. Bg6 b5 24. Rb6 Rf6 25. Ne5 b4 26. Ra1 Nd5 27. Rd6 Ne7 28. Rd8+ Rf8 29. Rxf8+ Kxf8 30. Be4 Ra7 31. a3 bxa3 32. Rxa3 Ra6 33. Nc4 Nc6 34. Bxc6 Rxc6 35. Rxa5 Bb7 36. Kg1 Rc8 37. Nd6 Rc7 38. Ra7 1-0

[Event "GRE-chT 49th"]
[Site "Thessaloniki"]
[Date "2022.08.14"]
[Round "4.2"]
[White "Papadopoulou, Marilena"]
[Black "Kiousi, Panagiota"]
[Result "0-1"]
[WhiteElo "1374"]
[BlackElo "1878"]
[PlyCount "82"]
[EventDate "2022.08.12"]
[EventType "team-swiss"]
[EventRounds "7"]
[EventCountry "GRE"]
[SourceTitle "CBM 209 Extra"]
[Source "ChessBase"]
[SourceDate "2022.09.30"]
[SourceVersion "1"]
[SourceVersionDate "2022.09.30"]
[SourceQuality "1"]
[WhiteTeam "Piraikos"]
[BlackTeam "Eaao Fysiolatris Nikias"]
[WhiteTeamCountry "GRE"]
[BlackTeamCountry "GRE"]

1. e4 e5 2. Nf3 Nc6 3. Bb5 a6 4. Ba4 Bc5 5. c3 Nge7 6. d4 exd4 7. cxd4 Bb4+ 8. Bd2 Bxd2+ 9. Nbxd2 d5 10. e5 0-0 11. h3 f6 12. exf6 Rxf6 13. 0-0 Bf5 14. a3 Qd6 15. Bc2 Raf8 16. Bxf5 Nxf5 17. Nb3 Qf4 18. Qd3 Rg6 19. Rae1 Nh4 20. Nxh4 Qxh4 21. Qe3 a5 22. Rd1 b6 23. Nc1 Rgf6 24. Ne2 Nd8 25. f3 Rg6 26. Kh2 c6 27. Rd2 Re6 28. Qf2 Qe7 29. Rc1 Re8 30. Rcc2 Nf7 31. Kh1 Nd6 32. Ng3 Nc4 33. Rd3 Qh4 34. Nf5 Re1+ 35. Kh2 Qf4+ 36. Ng3 h5 37. b3 h4 38. bxc4 hxg3+ 39. Qxg3 Rh1+ 40. Kxh1 Qxg3 41. Rd1 Re1+ 0-1

[Event "GRE-ch Schools Gym-B"]
[Site "Athen"]
[Date "2022.06.12"]
[Round "4"]
[White "Triantafyllakis, Dimitrios"]
[Black "Papadopoulou, Marilena"]
[Result "1-0"]
[WhiteElo "1343"]
[BlackElo "1374"]
[PlyCount "40"]
[EventDate "2022.06.12"]
[EventType "swiss"]
[EventRounds "9"]
[EventCountry "GRE"]
[SourceTitle "EXT 2023"]
[Source "ChessBase"]
[SourceDate "2022.10.05"]
[SourceVersion "1"]
[SourceVersionDate "2022.10.05"]
[SourceQuality "1"]

1. e4 e5 2. Nf3 Nc6 3. d4 exd4 4. Nxd4 Nf6 5. Nc3 Bb4 6. Nxc6 bxc6 7. Bd3 0-0 8. 0-0 d5 9. exd5 cxd5 10. h3 h6 11. Qf3 c6 12. Bf4 Bd6 13. Ne2 Re8 14. Rfd1 Qc7 15. Bxh6 Be5 16. Bf4 c5 17. c4 Bb7 18. Qg3 Nh5 19. Bxe5 Rxe5 20. Qh4 g6 1-0

[Event "GRE-chT U16"]
[Site "Thessaloniki"]
[Date "2021.12.18"]
[Round "4.5"]
[White "Papadopoulou, Marilena"]
[Black "Goridari, Artemis"]
[Result "1-0"]
[WhiteElo "1364"]
[BlackElo "1189"]
[PlyCount "85"]
[EventDate "2021.12.16"]
[EventType "team-swiss"]
[EventRounds "6"]
[EventCountry "GRE"]
[SourceTitle "CBM 205 Extra"]
[Source "ChessBase"]
[SourceDate "2022.01.31"]
[SourceVersion "1"]
[SourceVersionDate "2022.01.31"]
[SourceQuality "1"]
[WhiteTeam "Peiraikos"]
[BlackTeam "Acharnon"]
[WhiteTeamCountry "GRE"]
[BlackTeamCountry "GRE"]

1. e4 d5 2. exd5 Qxd5 3. Nc3 Qd6 4. d4 Nf6 5. Nf3 a6 6. g3 Bg4 7. Bg2 e6 8. 0-0 Be7 9. Bf4 Qd8 10. Qd2 Bxf3 11. Bxf3 c6 12. a3 Nbd7 13. Ne4 Nd5 14. Nd6+ Bxd6 15. Bxd6 N7b6 16. Be5 Nc4 17. Qe2 Nxe5 18. Qxe5 Qf6 19. Qxf6 Nxf6 20. Rfe1 Kd7 21. Re5 Rad8 22. Rae1 Kd6 23. Bg2 h6 24. f4 Nd7 25. R5e2 Rhe8 26. f5 Nb6 27. Bh3 Re7 28. fxe6 fxe6 29. Rxe6+ Rxe6 30. Rxe6+ Kc7 31. Re7+ Kb8 32. c3 g5 33. Re6 Rh8 34. Kf2 Nc4 35. Re2 Rf8+ 36. Ke1 Kc7 37. Be6 Nb6 38. Bb3 Rf6 39. Re7+ Kb8 40. Ke2 Rd6 41. Ke3 Rd7 42. Rxd7 Nxd7 43. Ke4 1-0

[Event "GRE-chT 48th"]
[Site "Athens"]
[Date "2021.09.11"]
[Round "6.1"]
[White "Papadopoulou, Marilena"]
[Black "Kalogeridou, Ioanna"]
[Result "1/2-1/2"]
[WhiteElo "1437"]
[BlackElo "1342"]
[PlyCount "93"]
[EventDate "2021.09.07"]
[EventType "team-swiss"]
[EventRounds "7"]
[EventCountry "GRE"]
[SourceTitle "CBM 204 Extra"]
[Source "ChessBase"]
[SourceDate "2021.11.30"]
[SourceVersion "1"]
[SourceVersionDate "2021.11.30"]
[SourceQuality "1"]
[WhiteTeam "Piraikos"]
[BlackTeam "Evoiki ES"]
[WhiteTeamCountry "GRE"]
[BlackTeamCountry "GRE"]

1. e4 c5 2. Nf3 e6 3. d4 cxd4 4. Nxd4 Nf6 5. Nc3 Nc6 6. Ndb5 d6 7. Bf4 e5 8. Bg5 a6 9. Na3 b5 10. Nd5 Be7 11. Bxf6 Bxf6 12. c3 0-0 13. Be2 Bg5 14. 0-0 Rb8 15. Nc2 Be6 16. Nce3 Bxe3 17. Nxe3 Ne7 18. Bf3 Qb6 19. Bg4 Bxg4 20. Qxg4 Rbd8 21. Rfd1 Qb7 22. Nd5 Nxd5 23. Rxd5 f5 24. Qe2 fxe4 25. Qxe4 Rf4 26. Qd3 Qb6 27. Rf1 Rf6 28. Qe2 Rdf8 29. Rd3 Qa7 30. Qd2 Qb6 31. Qe3 Qc6 32. Rd2 Rg6 33. f3 Qc4 34. a3 Qc6 35. Rff2 Rf4 36. Rf1 Qc8 37. Kh1 Qc4 38. Qd3 Qxd3 39. Rxd3 e4 40. Re3 Rgf6 41. Kg1 exf3 42. Rfxf3 Rxf3 43. Rxf3 Rxf3 44. gxf3 Kf7 45. Kf2 Ke6 46. Ke3 g5 47. Ke4 1/2-1/2

[Event "GRE-chT 48th"]
[Site "Athens"]
[Date "2021.09.08"]
[Round "2.3"]
[White "Papadopoulou, Marilena"]
[Black "Kofkeli, Eleni"]
[Result "0-1"]
[WhiteElo "1437"]
[BlackElo "1219"]
[PlyCount "176"]
[EventDate "2021.09.07"]
[EventType "team-swiss"]
[EventRounds "7"]
[EventCountry "GRE"]
[SourceTitle "CBM 204 Extra"]
[Source "ChessBase"]
[SourceDate "2021.11.30"]
[SourceVersion "1"]
[SourceVersionDate "2021.11.30"]
[SourceQuality "1"]
[WhiteTeam "Piraikos"]
[BlackTeam "Epyk Irakliou Attykis"]
[WhiteTeamCountry "GRE"]
[BlackTeamCountry "GRE"]

1. e4 e5 2. Nf3 Nc6 3. Bb5 d6 4. d4 exd4 5. Nxd4 Bd7 6. 0-0 Nf6 7. Nc3 Be7 8. Nxc6 Bxc6 9. Bd3 0-0 10. f4 Qd7 11. Qe2 Rfe8 12. Bd2 Bf8 13. e5 dxe5 14. fxe5 Qd4+ 15. Qf2 Qxf2+ 16. Rxf2 Rxe5 17. Kh1 Bc5 18. Re2 Rxe2 19. Bxe2 Re8 20. Rf1 Bd4 21. Bc4 a6 22. b4 b5 23. Bd3 Bb7 24. h3 Ne4 25. Nxe4 Bxe4 26. Re1 Bc6 27. Re4 Rxe4 28. Bxe4 Be8 29. g3 c6 30. Kg2 g6 31. Kf1 Kg7 32. Ke2 Kf6 33. Kd3 Be5 34. g4 Ke6 35. Ke3 f5 36. Bf3 fxg4 37. hxg4 Kf6 38. Ke4 Bf7 39. g5+ Ke6 40. c3 Kd6 41. a3 Bd5+ 42. Ke3 Bxf3 43. Kxf3 Kd5 44. Ke3 Kc4 45. Ke4 Bxc3 46. Bxc3 Kxc3 47. Ke5 Kb3 48. Kf6 Kxa3 49. Kg7 Kxb4 50. Kxh7 c5 51. Kxg6 c4 52. Kf6 c3 53. g6 c2 54. g7 c1Q 55. g8Q Qc3+ 56. Kf5 Qc4 57. Qg2 Qc5+ 58. Kf6 Qc3+ 59. Kf5 Kc5 60. Qg1+ Qd4 61. Qc1+ Qc4 62. Qg1+ Qd4 63. Qc1+ Kb6 64. Qh6+ Ka5 65. Qh2 Qd5+ 66. Kf6 b4 67. Qc7+ Ka4 68. Qc2+ b3 69. Qb2 Qc6+ 70. Ke5 Qc5+ 71. Kf6 Kb4 72. Qg2 Qc3+ 73. Ke6 Qc8+ 74. Ke5 Qe8+ 75. Kd6 Qb8+ 76. Ke6 Qc8+ 77. Ke5 Qc5+ 78. Ke6 Ka3 79. Qe4 Qc8+ 80. Kf7 Qc7+ 81. Ke6 Qb6+ 82. Kf7 Qb4 83. Qb1 Qc4+ 84. Ke7 b2 85. Kd7 a5 86. Ke7 Kb3 87. Qd1+ Ka2 88. Qd2 Qb4+ 0-1

[Event "GRE-ch U20 Girls"]
[Site "Trikala"]
[Date "2021.08.27"]
[Round "7"]
[White "Papadopoulou, Marilena"]
[Black "Kosma, Maria"]
[Result "1-0"]
[WhiteElo "1374"]
[BlackElo "1271"]
[PlyCount "91"]
[EventDate "2021.08.23"]
[EventType "swiss"]
[EventRounds "9"]
[EventCountry "GRE"]
[SourceTitle "EXT 2022"]
[Source "ChessBase"]
[SourceDate "2021.10.06"]
[SourceVersion "1"]
[SourceVersionDate "2021.10.06"]
[SourceQuality "1"]

1. e4 c5 2. Nf3 d6 3. d4 cxd4 4. Nxd4 Nf6 5. Nc3 a6 6. Qf3 e6 7. g4 Nxg4 8. Qxg4 e5 9. Nf5 g6 10. Nxd6+ Bxd6 11. Qg3 Be6 12. Bh6 Nc6 13. 0-0-0 Qc7 14. Bg7 Rg8 15. Bf6 Be7 16. Bxe7 Qxe7 17. Nd5 Bxd5 18. Rxd5 Rd8 19. Bc4 Rxd5 20. Bxd5 Nd4 21. Qe3 Rf8 22. Rd1 Qc7 23. c3 Ke7 24. Kb1 Ne6 25. Bxe6 fxe6 26. Rd3 Rd8 27. Qg5+ Ke8 28. Rxd8+ Qxd8 29. Qxd8+ Kxd8 30. Kc2 Ke7 31. Kd3 g5 32. h3 Kd6 33. Kc4 h5 34. f3 Kc6 35. b4 b6 36. Kb3 Kd6 37. c4 Kc7 38. Ka4 Kc6 39. c5 Kb7 40. cxb6 Kxb6 41. Kb3 Kb7 42. Kc4 Kb6 43. a4 h4 44. a5+ Kc6 45. b5+ axb5+ 46. Kb4 1-0

[Event "GRE-chT Online Rapid (Women) 1st"]
[Site "Tornelo INT"]
[Date "2021.02.21"]
[Round "6.2"]
[White "Giannoulaki, Ermofili"]
[Black "Papadopoulou, Marilena"]
[Result "1-0"]
[WhiteElo "1212"]
[BlackElo "1404"]
[PlyCount "85"]
[EventDate "2021.02.20"]
[EventType "team-swiss (rapid)"]
[EventRounds "9"]
[EventCountry "GRE"]
[SourceTitle "EXT 2023"]
[Source "ChessBase"]
[SourceDate "2022.10.05"]
[SourceVersion "1"]
[SourceVersionDate "2022.10.05"]
[SourceQuality "1"]

1. d4 d5 2. Nf3 Nf6 3. e3 e6 4. Bd3 c5 5. b3 Nc6 6. 0-0 Bd6 7. Bb2 0-0 8. c4 b6 9. Nbd2 Bb7 10. Rc1 cxd4 11. exd4 Rc8 12. Re1 Bb8 13. a3 Qd6 14. c5 bxc5 15. dxc5 Qe7 16. b4 a6 17. Qe2 Na7 18. Bxa6 Bxa6 19. Qxa6 Rc6 20. Qe2 Nd7 21. a4 Re8 22. Nb3 Rcc8 23. b5 Nxc5 24. Nxc5 Rxc5 25. Ba3 Bd6 26. Bxc5 Bxc5 27. Ne5 Qd6 28. Qf3 f6 29. Nd3 Ba3 30. Rc3 e5 31. Qd1 e4 32. Qa1 Bb4 33. Nxb4 Qxb4 34. Qa3 Qa5 35. Rec1 d4 36. Qb3+ Kh8 37. Rc7 e3 38. fxe3 dxe3 39. Qxe3 Rxe3 40. Rc8+ Nxc8 41. Rxc8+ Qd8 42. Rxd8+ Re8 43. Rxe8# 1-0

[Event "GRE-chT Online Rapid (Women) 1st"]
[Site "Tornelo INT"]
[Date "2021.02.21"]
[Round "8.6"]
[White "Lola, Dafni"]
[Black "Papadopoulou, Marilena"]
[Result "0-1"]
[WhiteElo "1145"]
[BlackElo "1404"]
[PlyCount "104"]
[EventDate "2021.02.20"]
[EventType "team-swiss (rapid)"]
[EventRounds "9"]
[EventCountry "GRE"]
[SourceTitle "EXT 2023"]
[Source "ChessBase"]
[SourceDate "2022.10.05"]
[SourceVersion "1"]
[SourceVersionDate "2022.10.05"]
[SourceQuality "1"]

1. d4 d5 2. Bf4 Nf6 3. e3 c5 4. c3 cxd4 5. exd4 Bf5 6. Nd2 e6 7. Ngf3 Nc6 8. h3 Be7 9. Be2 0-0 10. Nh4 Be4 11. 0-0 h6 12. Nhf3 Bh7 13. Ne5 Bd6 14. Ndf3 Qc7 15. Qd2 Nd7 16. c4 Ndxe5 17. Nxe5 Nxe5 18. dxe5 Bxe5 19. Be3 dxc4 20. Rac1 Rfd8 21. Qb4 b6 22. Rxc4 Qd6 23. Qxd6 Rxd6 24. b3 Rad8 25. Rc7 R6d7 26. Rxd7 Rxd7 27. Rc1 Be4 28. f3 Bb7 29. Kf2 Kf8 30. f4 Bb8 31. Bf3 Ke7 32. g4 Bxf3 33. Kxf3 Rc7 34. Ke4 Rxc1 35. Bd2 Rd1 36. Bb4+ Bd6 37. Bxd6+ Kxd6 38. f5 exf5+ 39. Kxf5 Rd2 40. a4 Rb2 41. b4 Rxb4 42. a5 bxa5 43. h4 a4 44. h5 Rb5+ 45. Kf4 a3 46. g5 hxg5+ 47. Ke3 a2 48. Kd2 a1Q 49. Ke3 Rb4 50. h6 Qa3+ 51. Kd2 Rb2+ 52. Ke1 Qa1# 0-1

[Event "GRE-chT Online Rapid (Women) 1st"]
[Site "Tornelo INT"]
[Date "2021.02.21"]
[Round "9.5"]
[White "Papadopoulou, Marilena"]
[Black "Doganou, Konstantina"]
[Result "1-0"]
[WhiteElo "1404"]
[BlackElo "1411"]
[PlyCount "79"]
[EventDate "2021.02.20"]
[EventType "team-swiss (rapid)"]
[EventRounds "9"]
[EventCountry "GRE"]
[SourceTitle "EXT 2023"]
[Source "ChessBase"]
[SourceDate "2022.10.05"]
[SourceVersion "1"]
[SourceVersionDate "2022.10.05"]
[SourceQuality "1"]

1. e4 c5 2. Nf3 e6 3. d4 cxd4 4. Nxd4 a6 5. Nc3 Qc7 6. Bd3 Nc6 7. Nxc6 bxc6 8. f4 Bc5 9. Qe2 Nf6 10. Be3 Qb6 11. Bxc5 Qxc5 12. Qf2 Qb4 13. Rb1 a5 14. 0-0 Ba6 15. a3 Qe7 16. Qe2 Bxd3 17. Qxd3 0-0 18. e5 Qc5+ 19. Kh1 Nd5 20. Ne4 Qe3 21. Qxe3 Nxe3 22. Rf2 h5 23. Rd2 Nf5 24. Rxd7 Rfd8 25. Rbd1 Rxd7 26. Rxd7 Kf8 27. Ng5 Ne7 28. h3 h4 29. Kh2 Ke8 30. Rd3 Rb8 31. b3 Nd5 32. g3 hxg3+ 33. Kxg3 Ke7 34. h4 c5 35. Ne4 Rc8 36. Nd6 Rc6 37. c4 Nc7 38. Ne4 f6 39. Rd6 Rxd6 40. exd6+ 1-0

[Event "GRE-ch Online Blitz (Women) 1st"]
[Site "Tornelo INT"]
[Date "2021.02.07"]
[Round "12"]
[White "Papadopoulou, Marilena"]
[Black "Christodoulou, Georgia"]
[Result "0-1"]
[WhiteElo "1389"]
[BlackElo "1224"]
[PlyCount "144"]
[EventDate "2021.02.07"]
[EventType "swiss (blitz)"]
[EventRounds "16"]
[EventCountry "GRE"]
[SourceTitle "EXT 2023"]
[Source "ChessBase"]
[SourceDate "2022.10.05"]
[SourceVersion "1"]
[SourceVersionDate "2022.10.05"]
[SourceQuality "1"]

1. e4 e6 2. d4 d5 3. Nc3 dxe4 4. Nxe4 Nd7 5. Bd3 Ngf6 6. Nxf6+ Nxf6 7. Nf3 Be7 8. 0-0 0-0 9. Be3 b6 10. Qe2 Bb7 11. c3 Bd6 12. Rad1 Qe7 13. Rfe1 Rfd8 14. Bg5 h6 15. Bh4 c5 16. dxc5 Bxc5 17. Nd2 Rd7 18. Ne4 Bxe4 19. Bxe4 Rad8 20. Rxd7 Rxd7 21. Qf3 Qd8 22. Bxf6 Qxf6 23. Qxf6 gxf6 24. Kf1 Rd2 25. Re2 Rd1+ 26. Re1 Rd2 27. Re2 Rd1+ 28. Re1 Rd6 29. Ke2 f5 30. Bf3 Kg7 31. Rd1 Rxd1 32. Kxd1 Bxf2 33. Ke2 Bc5 34. Kd3 Bd6 35. h3 Kg6 36. Kd4 Kg5 37. b4 Kf4 38. a3 Bb8 39. Bh5 f6 40. Kd3 Kg3 41. Bf3 e5 42. Bd5 e4+ 43. Ke3 Kxg2 44. Be6 Kxh3 45. Bxf5+ Kg3 46. Kxe4 h5 47. c4 h4 48. c5 h3 49. Bxh3 Kxh3 50. Kf5 bxc5 51. bxc5 Be5 52. c6 Kg3 53. a4 Kf3 54. a5 a6 55. Ke6 Bc7 56. Kxf6 Bxa5 57. Ke6 Ke4 58. Kd6 Bb6 59. c7 Bxc7+ 60. Kc6 a5 61. Kc5 Kd3 62. Kb5 Kc3 63. Ka4 Kc4 64. Ka3 Kb5 65. Kb3 a4+ 66. Ka3 Bd6+ 67. Ka2 Kb4 68. Kb2 a3+ 69. Ka2 Ka4 70. Ka1 Kb3 71. Kb1 a2+ 72. Ka1 Be5# 0-1

[Event "GRE-ch Online Blitz (Women) 1st"]
[Site "Tornelo INT"]
[Date "2021.02.07"]
[Round "6"]
[White "Papadopoulou, Marilena"]
[Black "Gkoutzouki, Aikaterini Argyro"]
[Result "1-0"]
[WhiteElo "1389"]
[BlackElo "1386"]
[PlyCount "49"]
[EventDate "2021.02.07"]
[EventType "swiss (blitz)"]
[EventRounds "16"]
[EventCountry "GRE"]
[SourceTitle "EXT 2023"]
[Source "ChessBase"]
[SourceDate "2022.10.05"]
[SourceVersion "1"]
[SourceVersionDate "2022.10.05"]
[SourceQuality "1"]

1. e4 c5 2. Nf3 Nc6 3. d4 cxd4 4. Nxd4 e5 5. Nb5 d6 6. c4 Be7 7. N1c3 a6 8. Na3 Be6 9. Bd3 Bg5 10. 0-0 Bxc1 11. Rxc1 Nge7 12. Nd5 0-0 13. Nb1 Nd4 14. f4 f6 15. f5 Bxd5 16. cxd5 Qb6 17. Rf2 Rac8 18. Rxc8 Rxc8 19. Nc3 Nb5 20. Nxb5 axb5 21. g3 Ra8 22. Qb3 b4 23. a3 Qe3 24. axb4 Ra1+ 25. Kg2 1-0